| 000 | 01294cgm a2200337 4500 | ||
|---|---|---|---|
| 001 | ##M2142 | ||
| 008 | 090401t1995 xxu||||| |||| 00| 0 eng d | ||
| 035 | _a(Sirsi) u36698 | ||
| 041 | 0 | _aeng | |
| 050 | 0 | 4 | _a333.3307 $2 18 |
| 110 | 2 |
_aCollege of Estate Management _9400 |
|
| 245 | 0 | 4 |
_aThe RICS Assessment of Professional Competence (APC) No 2. _h[sound recording] |
| 260 |
_aLondon _bRICS _c1995 |
||
| 300 | _a1 sound cassette (ca. 60 min.) | ||
| 350 | _a13 | ||
| 490 | 0 | _aOwlion Audio Programme | |
| 520 | _aProvides the opportunity to listen into advisory interviews between an APC candidate and prospective employers and an APC Doctor, as well as the candidates presentation and interview. | ||
| 690 | _aCAREERS, EDUCATION AND TRAINING-QUALIFICATION ROUTES-ASSESSMENT OF PROFESSIONAL COMPETENCE | ||
| 700 | 1 | _aLand, Howard | |
| 700 | 1 | _aAnderson, John | |
| 700 | 1 | _aAskham, James | |
| 700 | 1 | _aGillett, Alan H. P. | |
| 700 | 1 | _aLatham, Caroline | |
| 700 | 1 | _aLilley, David | |
| 700 | 1 | _aSaunders, David | |
| 700 | 1 | _aSoutham, Roger J. | |
| 710 | 2 |
_aRoyal Institution of Chartered Surveyors _94900 |
|
| 856 | 4 | 8 |
_uhttps://194.154.180.3/uhtbin/cgisirsi.exe/0/0/0/1/117/X/ _zAudio Visual materials can only be used in the library. |
| 942 | _n0 | ||
| 948 | _c04/03/1997 | ||
| 999 |
_c85222 _d85222 |
||